LEADER 04285nam 2200481z- 450 001 9910490715903321 005 20231214141230.0 035 $a(CKB)5590000000533413 035 $a(oapen)https://directory.doabooks.org/handle/20.500.12854/71234 035 $a(EXLCZ)995590000000533413 100 $a20202102d2019 |y 0 101 0 $ager 135 $aurmn|---annan 181 $ctxt$2rdacontent 182 $cc$2rdamedia 183 $acr$2rdacarrier 200 10$aDie Kunstdenkmäler des Kantons Basel-Stadt X$eDas Basler Münster 210 $aBern$cGesellschaft für Schweizerische Kunstgeschichte GSK$d2019 225 1 $aDie Kunstdenkmäler der Schweiz 311 $a3-03797-574-1 330 $aprojektrelevanten Institutionen ? Evangelisch-reformierte Kirche Basel-Stadt, Basler Münsterbauhütte, Kantonale Denkmalpflege und Archäologische Bodenforschung Basel-Stadt sowie die Universität und als Vertreterin der interessierten Öffentlichkeit die Basler Ständerätin ? eingebunden waren. Die Gesamtdarstellung basiert auf der Aufarbeitung bisheriger Forschungen, auf zahlreichen neu erschlossenen Schrift- und Bildquellen, neuesten restauratorischen und bauarchäologischen Befunden sowie auf dem Austausch mit zahlreichen am und mit dem Münster beschäftigten Fachspezialisten verschiedener Richtungen. Die akribische Analyse der Grabungsdokumentation ergab eine differenzierte und in manchen Punkten vom bisher Bekannten abweichende Darstellung der Vorgängerbauten. Das vorhandene Wissen wurde kritisch gesichtet und zusammengeführt und erbrachte mit dem beschreibenden Erfassen und Einordnen des Bestands neue Erkenntnisse zur Baugeschichte, Architektur und Bauskulptur. So konnte beispielsweise eine Chronologie des spätromanischen Baus erarbeitet werden, in der das vieldiskutierte Branddatum 1185 mit Befunden korreliert. Erstmals wird die gesamte vor- und nachreformatorische Ausstattung des Münsters ? nicht nur die erhaltene, sondern auch die in Schrift- und Bildquellen überlieferte und verschwundene ? zusammengestellt bzw. gewürdigt. Sowohl die heute weitgehend zerstörte malerische Ausschmückung wie auch die skulpturale Ausstattung und Möblierung des Kirchenraums erhielten systematische Zusammenschauen. Auch die in grosser Zahl erhaltenen Grabmäler wurden umfassend aufgelistet und in einer repräsentativen Auswahl vorgestellt. Ein historischer Überblick, Ausführungen zur Liturgie, zur vor- und nachreformatorischen ?Bespielung? und Nutzung des Münsters, aber auch nützliche, gehaltvolle Exkurse, wie beispielsweise zu den Rechnungsbüchern der Münsterbauhütte oder zum Baumaterial, gehen weit über das reine Inventarwerk hinaus. Der mehr als 500 Seiten umfassende Kunstdenkmälerband über das Basler Münster wird nicht nur der Forschung und den Fachleuten, der Denkmalpflege und der Münsterbauhütte, Architekten und Universitäten als Informationsquelle im Berufsalltag dienen, sondern auch Kunstfreunden, Fremdenführern und Touristen ein attraktives Nachschlagewerk sein. Dem Autorenteam ist es gelungen, das reiche und sehr komplexe Material in eine wissenschaftlich fundierte, aber gleichwohl übersichtliche und leserfreundliche Form zu bringen. Entstanden ist eine attraktive, mit vielen Neuaufnahmen reich bebilderte Gesamtdarstellung, die dem grössten und wichtigen Kirchenbau der Stadt Basel zur Millenniumsfeier die gebührende Ehre erweist. 517 $aKunstdenkmäler des Kantons Basel-Stadt X 517 $aKunstdenkmäler des Kantons Basel-Stadt X 606 $aHistory of architecture$2bicssc 610 $aArchitektur 610 $aBaukunst 610 $astandortgebundene Kunst 610 $aStädtebau 610 $aArchitekturgeschichte 610 $aRegionalgeschichte 610 $aKunstgeschichte 615 7$aHistory of architecture 700 $aMeier$b Hans-Rudolf$4auth$0210265 702 $aSchwinn Schürmann$b Dorothea$4auth 702 $aBernasconi$b Marco$4auth 702 $aHess$b Stefan$4auth 702 $aJäggi$b Carola$4auth 702 $aNagel$b Anne$4auth 702 $aPajor$b Ferdinand$4auth 906 $aBOOK 912 $a9910490715903321 996 $aDie Kunstdenkmäler des Kantons Basel-Stadt X$93035990 997 $aUNINA LEADER 01946nam 2200433z- 450 001 9910346768503321 005 20210211 010 $a1000057838 035 $a(CKB)4920000000100838 035 $a(oapen)https://directory.doabooks.org/handle/20.500.12854/51947 035 $a(oapen)doab51947 035 $a(EXLCZ)994920000000100838 100 $a20202102d2016 |y 0 101 0 $aeng 135 $aurmn|---annan 181 $ctxt$2rdacontent 182 $cc$2rdamedia 183 $acr$2rdacarrier 200 00$aLogical Time for Decentralized Control of Material Handling Systems 210 $cKIT Scientific Publishing$d2016 215 $a1 online resource (IX, 188 p. p.) 225 1 $aWissenschaftliche Berichte des Instituts für Fördertechnik und Logistiksysteme des Karlsruher Instituts für Technologie 311 08$a3-7315-0567-3 330 $aThe fourth industrial revolution aims to transform production systems. In this work, Logical Time which is a control principle for distributed systems is transferred to material handling systems with decentralized control. The GridSorter, a modular sorter with grid-like structure, is chosen as showcase system. The system is proven to be deadlock-free and is robust against varying transport times. The time-window-based route reservation process is described as Iterative Deepening A*. 606 $aTechnology: general issues$2bicssc 610 $adeadlock handling 610 $adecentralized control 610 $adezentral gesteuert 610 $aHandhabung von DeadlocksLogical Time 610 $aLogische Zeit 610 $amodular conveyors 610 $amodulare Fo?rdertechnik 610 $aPlug&Play 615 7$aTechnology: general issues 700 $aSeibold$b Zäzilia$4auth$01292463 906 $aBOOK 912 $a9910346768503321 996 $aLogical Time for Decentralized Control of Material Handling Systems$93022340 997 $aUNINA LEADER 04025nam 22006375 450 001 9911018650103321 005 20250806175432.0 010 $a9783031967474$b(electronic bk.) 010 $z9783031967467 024 7 $a10.1007/978-3-031-96747-4 035 $a(MiAaPQ)EBC32253822 035 $a(Au-PeEL)EBL32253822 035 $a(CKB)40093114100041 035 $a(DE-He213)978-3-031-96747-4 035 $a(EXLCZ)9940093114100041 100 $a20250806d2025 u| 0 101 0 $aeng 135 $aurcnu|||||||| 181 $ctxt$2rdacontent 182 $cc$2rdamedia 183 $acr$2rdacarrier 200 10$a0 to 9 and the New York Avant-Garde $ePublishing by Numbers /$fby Ross Hair 205 $a1st ed. 2025. 210 1$aCham :$cSpringer Nature Switzerland :$cImprint: Palgrave Macmillan,$d2025. 215 $a1 online resource (281 pages) 225 1 $aNew Directions in Book History,$x2634-6125 311 08$aPrint version: Hair, Ross 0 to 9 and the New York Avant-Garde Cham : Palgrave Macmillan,c2025 9783031967467 327 $aChapter 01: Introduction: No New York -- Chapter 02: From Sheet to Street: The Systems of 0 to 9 -- Chapter 03: Vito Acconci: Poetry Under Cover -- Chapter 04: Copy That: Deciphering Hannah Weiner?s Code -- Chapter 05: A Parting of the Ways. 330 $aEdited and self-published by Bernadette Mayer and Vito Acconci from 1967 to 1969, 0 to 9 not only documented some of the most compelling examples of intermedia performance, contemporary poetry, and post-formalist art of the period, but also pioneered new ways of conceiving (and using) the magazine as medium and instrument. 0 to 9 and the New York Avant-Garde: Publishing by Numbers examines how the magazine both responded to and helped shape key developments in New York?s often fractious avant-garde communities. The book pays particular attention to the ways in which Mayer and Acconci foregrounded the material and generic qualities of the magazine and conceived their periodical as a means of generating (as well as documenting) art and poetry. 0 to 9 and the New York Avant-Garde considers the ways in which 0 to 9 interacted with other artistic movements and theoretical concerns of the period?including cybernetics, Pop Art, structuralism, and information theory. Arguing for the enduring importance of the magazine, and its unique position in the history of New York?s experimental art and literary scenes, this study contends that 0 to 9 was both a swan song of 1960s idealism and a precursor for the directions that avant-garde art would take in the decades that followed the magazine?s demise. Ross Hair is Emeritus Professor at the University of East Anglia, UK, and the author of Ronald Johnson?s Modernist Collage Poetry (2010), Avant-Folk: Small Press Poetry Networks from 1950 to the Present (2016), Brilliant Absence: Pursuing the Kingfisher in the Work of Hans Waanders (2019), and, with Thomas Ruys Smith, the co-editor of Harry Smith?s Anthology of American Folk Music: America Changed Through Music (2016). 410 0$aNew Directions in Book History,$x2634-6125 606 $aBooks$xHistory 606 $aCivilization$xHistory 606 $aLiterature, Modern$y20th century 606 $aPrinting 606 $aPublishers and publishing 606 $aHistory of the Book 606 $aCultural History 606 $aTwentieth-Century Literature 606 $aPrinting and Publishing 615 0$aBooks$xHistory. 615 0$aCivilization$xHistory. 615 0$aLiterature, Modern 615 0$aPrinting. 615 0$aPublishers and publishing. 615 14$aHistory of the Book. 615 24$aCultural History. 615 24$aTwentieth-Century Literature. 615 24$aPrinting and Publishing. 676 $a071.471 700 $aHair$b Ross$01836888 801 0$bMiAaPQ 801 1$bMiAaPQ 801 2$bMiAaPQ 912 $a9911018650103321 996 $a0 to 9 and the New York Avant-Garde$94415126 997 $aUNINA